banner koha

Anais do 1. Simposio Brasileiro sobre Tecnologia de Aplicacao de Defensivos Agricolas: Eficiencia, Economia e Preservacao da Saude Humana e do Ambiente (Registro n. 54474)

MARC details
000 -LÍDER
campo de controle de tamanho fixo 01056nam a22002657a 4500
001 - NÚMERO DE CONTROLE
campo de controle BR9212515
003 - IDENTIFICADOR DO NÚMERO DE CONTROLE
campo de controle BR-BrBNA
005 - DATA E HORÁRIO DA ÚLTIMA TRANSAÇÃO
campo de controle 20230928095106.0
007 - CAMPO FIXO DE DESCRIÇÃO FÍSICA--INFORMAÇÃO GERAL
campo de controle de tamanho fixo ta
008 - CAMPO DE DADOS FIXOS--INFORMAÇÃO GERAL
campo de controle de tamanho fixo 230509b bl.||||| |||| 00| 0 por d
040 ## - FONTE DA CATALOGAÇÃO
Instituição da catalogação original BR-BrBNA
Idioma da catalogação por
Instituição que transcreveu o registro Biblioteca Nacional de Agricultura
041 ## - CÓDIGO DE IDIOMA
Código do idioma do texto/trilha sonora ou título diferente (Por)
072 ## - CÓDIGO DE CATEGORIA DE ASSUNTO
Código de Categoria de Assunto H01; T01; N20
Código do objeto 4560
090 ## - NÚMERO DE CHAMADA LOCAL
-- 4560 BR9212515
110 1# - ENTRADA PRINCIPAL--NOME CORPORATIVO
Nome corporativo ou nome da jurisdição Faculdade de Ciencias Agrarias e Veterinarias "Campus" de Jaboticabal, SP (Brasil)
9 (RLIN) 4478
111 1# - ENTRADA PRINCIPAL--NOME DO EVENTO
Nome do evento ou lugar 1. Simposio Brasileiro sobre Tecnologia de Aplicacao de Defensivos Agricolas: Eficiencia, Economia e Preservacao da Saude Humana e do Ambiente
Local do evento Jaboticabal, SP (Brazil)
Data do evento ou assinatura do tratado 28-30 May 1985
245 1# - TÍTULO
Título Anais do 1. Simposio Brasileiro sobre Tecnologia de Aplicacao de Defensivos Agricolas: Eficiencia, Economia e Preservacao da Saude Humana e do Ambiente
260 3# - PUBLICAÇÃO, DISTRIBUIÇÃO, ETC.
Local de publicação, distribuição, etc. Jaboticabal, SP (Brasil):
Data da publicação, distribuição, etc. 1987.
300 ## - DESCRIÇÃO FÍSICA
Extensão 200 p.
650 ## - ASSUNTO--TERMO TÓPICO
Cabeçalho tópico ou nome geográfico Defensivo
650 ## - ASSUNTO--TERMO TÓPICO
Cabeçalho tópico ou nome geográfico Equipamento Agricola
650 ## - ASSUNTO--TERMO TÓPICO
Cabeçalho tópico ou nome geográfico Poluicao Ambiental
909 ## -
-- 202309
-- Lucia
-- 55
-- Lucia Elande
942 ## - ELEMENTOS DE ENTRADA ADICIONADOS (KOHA)
Tipo de material Koha Livros
Exemplares
Situação do descarte Fonte da classificação ou esquema de arquivamento na estante Situação física Não pode ser emprestado Coleção Biblioteca de origem Biblioteca atual Total de empréstimos Número de telefone completo Código de barras Data de último acesso Número do exemplar Tipo de material Koha Situação das perdas Data de aquisição Fonte de aquisição
  Classificação AGRIS       Biblioteca Nacional de Agricultura - Binagri Biblioteca Nacional de Agricultura - Binagri   4560 BR9212515 4560 BR9212515 25/09/2023 01 Livros   2023-09-25 Portaria Interministerial nº 164/94

BINAGRI

Telefone: (61)3218-2567/2388/3357/2097 - binagri@agro.gov.br

Ministério da Agricultura e Pecuária , Esplanada dos Ministérios, Bloco D, Anexo B, Brasília/DF, CEP: 70.043-900